Rezervy z účtovného hľadiska a ich vplyv na základ dane z príjmov v podnikateľských jednotkách

Vymedzenie pojmu rezervy. Tvorba rezerv. Rezervy z hľadiska zákona o účtovníctve. Rezervy z daňového hľadiska.

Na minha lista:
Detalhes bibliográficos
Autor principal: Vépyová, Mária
Formato: Capítulo de Livro
Idioma:eslovaco
Assuntos:
Tags: Adicionar Tag
Sem tags, seja o primeiro a adicionar uma tag!

MARC

LEADER 00000nla$a2200000$$$4500
001 0060629
005 20240502071655.3
041 0 |a slo 
044 |a SK 
245 1 0 |a Rezervy z účtovného hľadiska a ich vplyv na základ dane z príjmov v podnikateľských jednotkách  |c Mária Vépyová 
520 |a Vymedzenie pojmu rezervy. Tvorba rezerv. Rezervy z hľadiska zákona o účtovníctve. Rezervy z daňového hľadiska. 
610 2 0 |a výkazníctvo finančné 
610 2 0 |a rezervy 
610 2 0 |a účtovanie 
610 2 0 |a účtovníctvo 
610 2 0 |a majetok dlhodobý 
610 2 0 |a náklady 
610 2 0 |a dane z príjmov 
610 2 0 |a legislatíva 
610 2 0 |a podnikatelia 
100 1 |a Vépyová, Mária